00836nam a2200229 a 450000100100000000500170001000800410002702000150006804000250008308200220010810000330013024500630016325000120022626000450023830000200028350400270030350500930033065000370042304900090046095201200046999900170058900002518020240313073817.0100916s2004 dr 000 0 spa d a9993429163 aDO-SdBNPbspacBNPHU a070.4bC697c 20041 aCollado, Lipe,d1947-97981910aCómo redactar :bLa crónica noticiosa /cLipe Collado. a2a. ed. aSanto Domingo :bEditora Collado,c2004. a40 p. ;c21 cm. aBibliografía : p. 402 aCrónica ambiental --Crónica en suspenso -- 8 Puntos comunes con el cuento clásico. 4aPeriodismoxArte de escribir927 aBNPD 0010718PDaPDbPDcCTd2011-02-11iLF1l0o070.4 C697c 2004p25180-10r2020-06-25w2020-06-25yLFPDZNo se presta c24673d24673